Jawānib min al-ṣilāt al-thaqāfīyah bayna Miṣr wa-Īrān

محفوظ في:

المؤلف الرئيسي: Īrān.

التنسيق: كتاب

اللغة: Undetermined

منشور في: Cairo : / Dār al-Thaqāfīyah, al-Qāhirah, 1975.

الموضوعات:

الوسوم: إضافة وسم

لا توجد وسوم, كن أول من يضع وسما على هذه التسجيلة!

رقم الطلب: DT82.5 .I55 J38

LEADER 00507nam a2200169Ia 4500
008 240329s9999||||xx |||||||||||||| ||und||
050 4 |a DT82.5 .I55 J38 
100 1 |a Īrān. 
245 1 0 |a Jawānib min al-ṣilāt al-thaqāfīyah bayna Miṣr wa-Īrān  |c Īrān 
264 1 |a Cairo :  |b / Dār al-Thaqāfīyah, al-Qāhirah,  |c 1975. 
300 |a 326  |c 24 CM 
650 |a Egypt Relations Iran 
650 |a International relations 
650 |a Iran 
650 |a Iran Relations Egypt 
942 |2 lcc  |c BK 
999 |c 57631  |d 57631